FUNDAMENTAL OF BIOCHEMISTRY (Record no. 7544)

MARC details
000 -LEADER
fixed length control field 00411nam a22001697a 4500
005 - DATE AND TIME OF LATEST TRANSACTION
control field 20210306163324.0
008 - FIXED-LENGTH DATA ELEMENTS--GENERAL INFORMATION
fixed length control field 210306b ||||| |||| 00| 0 eng d
020 ## - INTERNATIONAL STANDARD BOOK NUMBER
ISBN 978-81-7381-144-9
041 ## - LANGUAGE CODE
Language code of text/sound track or separate title eng
082 ## - DEWEY DECIMAL CLASSIFICATION NUMBER
Classification number 615.19
100 ## - MAIN ENTRY--AUTHOR NAME
Personal name DEB, DR. A.C.
245 ## - TITLE STATEMENT
Title FUNDAMENTAL OF BIOCHEMISTRY
260 ## - PUBLICATION, DISTRIBUTION, ETC. (IMPRINT)
Place of publication LONDON
Name of publisher NEW CENTRAL BOOKAGENCY
300 ## - PHYSICAL DESCRIPTION
Number of Pages 997,p
650 ## - SUBJECT ADDED ENTRY--TOPICAL TERM
Topical Term PHARMACY
942 ## - ADDED ENTRY ELEMENTS (KOHA)
Koha item type Books
Holdings
Lost status Damaged status Collection code Home library Current library Shelving location Date acquired Source of acquisition Cost, normal purchase price Full call number Accession Number Koha item type
    Reference JRU Library JRU Library SHELF-5-C 06/03/2021 PURCHES 875.00 615.19 25756 Books
    PHARMACY JRU Library   SHELF - 18 - H 06/03/2021 PURCHES 875.00 615.19 25757 Books